Normal view
MARC view
Entry Personal Name
001 - CONTROL NUMBER
- control field: 16500
003 - CONTROL NUMBER IDENTIFIER
- control field: OSt
005 - DATE AND TIME OF LATEST TRANSACTION
- control field: 20230317114051.0
008 - FIXED-LENGTH DATA ELEMENTS
- fixed length control field: 230317|| aca||aabn | a|a d
040 ## - CATALOGING SOURCE
- Original cataloging agency: OSt
- Transcribing agency: OSt
100 ## - HEADING--PERSONAL NAME
- Personal name: Haslam, Nick,
- Dates associated with a name: 1963-
670 ## - SOURCE DATA FOUND
- Source citation: Work cat.: (OSt)0: Haslam, Nick, 1963-, Introduction to personality and intelligence /, 2007.
